| 000 | 02165nam a2200277 i 4500 | ||
|---|---|---|---|
| 005 | 20250626211118.0 | ||
| 007 | ta | ||
| 008 | 200622s2025 000 0 eng d | ||
| 040 |
_aCO-CtgCURN _bspa _ccoctgcurn _erda |
||
| 082 | 0 |
_aCOP 2025 _bB178 |
|
| 100 | 1 |
_aBaldovino Bohorquez, Yesenia Isabel , _eauthor. _4aut |
|
| 245 | 1 | 0 |
_aImplementación de sistema de nomina electrónica : _bevaluación de los beneficios y desafíos en la empresa comercializadora de servicios de Bolívar s.a.s / _cYesenia Isabel Baldovino Bohorquez; Esneda Sánchez Arcila; Director: Jesús David Castillo Peñate. |
| 260 |
_aCartagena de Indias : _bCorporación Universitaria Rafael Núñez, _c2025. |
||
| 300 | _a21 hojas. | ||
| 336 |
_atext _btxt _2rdacontent |
||
| 337 |
_aunmediated _bn _2rdamedia |
||
| 338 |
_avolume _bnc _2rdacarrier |
||
| 502 | _aTrabajo de grado (Contador público). Corporación Universitaria Rafael Núñez. Facultad de Ciencias Administrativas y Contables. Programa de Contaduría Pública, 2025. | ||
| 520 | 8 | _a"El presente trabajo pretende mostrar la importancia que tiene la nómina electrónica en el ámbito empresarial ya que es un avance significativo en la modernización de los procesos administrativos y fiscales en el ámbito laboral. En vez de emplear documentos físicos para documentar y distribuir los pagos a los trabajadores, la nómina electrónica emplea tecnología digital para generar, validar y almacenar la información relacionada con los salarios, deducciones y aportes de los trabajadores. Esta modalidad busca optimizar los procesos laborales, garantizar el cumplimiento de las obligaciones tributarias y fiscales, y reducir los costos operativos en las empresas." | |
| 650 | 0 |
_aContaduría pública _xTesis y disertaciones académicas. |
|
| 700 | 1 | _aSánchez Arcila, Esneda . | |
| 700 | 1 |
_aCastillo Peñate, Jesús David, _edirector. |
|
| 856 | 7 |
_uhttps://unicurn.sharepoint.com/:b:/s/biblioteca/EWlW4_-00iNFgCfdjWs29I8B2HbTL8YHmhWTkB2RlVnB6w?e=BIbkCh _zClick para ver el recurso en texto completo |
|
| 942 |
_2ddc _aMHC _bMHC _cTG _hCOP 2025 _iB178 |
||
| 999 |
_c49077 _d49077 |
||